000
00243nam a2200097Ia 4500
001
744121
005
20250826164252.0
008
250824s9999 xx 000 0 und d
245
0
_a
SÜPER YERYÜZÜ
_c
ASENA MERİÇ
260
_b
YEDİVEREN YAYINLARI
999
_c
744121
_d
744121